Chorvatsko v Evropské unii: pragmatik bez iluzí

Chorvátsko od 1. júla 2013 dvadsiatym ôsmym členom Európskej únie. Dlhá cesta do Európy. Malá krajina s veľkými problémami. Vstup do schengenského priestoru naplánovaný na rok 2015.

Salvato in:
Dettagli Bibliografici
Autore principale: Radačič, Marino
Natura: Capitolo di libro
Lingua:ceco
Soggetti:
Tags: Aggiungi Tag
Nessun Tag, puoi essere il primo ad aggiungerne!!

MARC

LEADER 00000nla a2200000 4500
001 0177139
005 20240209092356.7
041 0 |a cze 
044 |a CZ 
245 1 0 |a Chorvatsko v Evropské unii: pragmatik bez iluzí  |c Marino Radačič 
520 |a Chorvátsko od 1. júla 2013 dvadsiatym ôsmym členom Európskej únie. Dlhá cesta do Európy. Malá krajina s veľkými problémami. Vstup do schengenského priestoru naplánovaný na rok 2015. 
610 2 0 |a integrácia ekonomická medzinárodná 
610 2 0 |a spolupráca hospodárska medzinárodná 
610 2 0 |a transformácia 
610 2 0 |a recesia 
610 2 0 |a zadlženosť 
610 2 0 |a Chorvátsko 
610 2 0 |a Európska únia 
100 1 |a Radačič, Marino